[Event "XXIII C.to Italiano UISP a squadre"]
[Site "Norma ITA"]
[Date "2000.09.??"]
[Round "?"]
[White "Galioto, Natale"]
[Black "Corvi, Marco"]
[Result "0-1"]
[WhiteElo "2128"]
[BlackElo "2319"]
[PlyCount "96"]
[EventDate "2000.09.22"]

1.e4 c5 2.Nf3 e6 3.d4 cxd4 4.Nxd4 a6 5.c4 Nf6 6.Nc3 Qc7 7.Be3 d6 8.Be2 Be7
9.O-O O-O 10.Rc1 Nbd7 11.Kh1 b6 12.f3 Bb7 13.Qe1 Rfe8 14.Qf2 Rac8 15.Rfd1 
Qb8 16.b3 Bd8 17.Qg3 Bc7 18.Bh6 g6 19.Bg5 d5 20.Qh4 Bd8 21.exd5 exd5 22.
Nxd5 Nxd5 23.cxd5 Rxc1 24.Rxc1 Bxg5 25.Qxg5 Re5 26.Qf4 Bxd5 27.h3 Kg7 28.
Qd2 Nf6 29.Bc4 Bb7 30.Qc3 Rh5 31.Bxf7 Rc5 32.Ne6+ Kxf7 33.Nxc5 bxc5 34.
Qxc5 Bd5 35.Re1 Qb7 36.Re3 h5 37.Rc3 g5 38.b4 Kg6 39.a4 g4 40.hxg4 hxg4 
41.fxg4 Ne4 42.Qd4 Nxc3 43.Qxc3 Bxg2+ 44.Kg1 Be4 45.Qc5 Bd5 46.b5 a5 47.b6
Qf7 48.Qf2 Bf3 0-1

[Event "XXIII C.to Italiano UISP a squadre"]
[Site "Norma ITA"]
[Date "2000.09.??"]
[Round "?"]
[White "Parisi, Cosimo"]
[Black "Galioto, Natale"]
[Result "0-1"]
[WhiteElo "1690"]
[BlackElo "2128"]
[PlyCount "58"]
[EventDate "2000.09.22"]

1.e4 e6 2.d4 d5 3.Nc3 dxe4 4.Nxe4 Nd7 5.Nf3 Ngf6 6.Bg5 Be7 7.Bd3 Nxe4 8.
Bxe7 Qxe7 9.Bxe4 Nf6 10.Bd3 O-O 11.Qe2 c5 12.O-O b6 13.Rfe1 Bb7 14.dxc5 
Qxc5 15.Rad1 Rad8 16.c3 Qh5 17.Ne5 Qg5 18.f4 Qxf4 19.Rf1 Qg5 20.Rf2 Rd5 
21.Nf3 Qh5 22.Rdf1 Ng4 23.Be4 Re5 24.h3 Nxf2 25.Qxf2 Rxe4 26.Nd4 Qc5 27.
Qg3 Qe5 28.Qf2 Ba6 29.Nc6 Qc5 0-1

[Event "XXIII C.to Italiano UISP a squadre"]
[Site "Norma ITA"]
[Date "2000.09.??"]
[Round "2"]
[White "Monteleone, Antonio"]
[Black "Ferro, Mario"]
[Result "0-1"]
[WhiteElo "2179"]
[BlackElo "2228"]
[PlyCount "62"]
[EventDate "2000.09.22"]

1.d4 Nf6 2.c4 g6 3.Nc3 d5 4.Nf3 Bg7 5.Qb3 dxc4 6.Qxc4 O-O 7.e4 c6 8.Qb3 
Na6 9.Be2 Qb6 10.Qxb6 axb6 11.O-O Nb4 12.Bf4 Bg4 13.h3 Nh5 14.Be3 Bxf3 15.
Bxf3 Nc2 16.Bxh5 Nxa1 17.Bd1 b5 18.e5 b4 19.Na4 b5 20.Nc5 Rxa2 21.Nd3 b3 
22.Bf3 Nc2 23.Bxc6 Nxe3 24.fxe3 Bh6 25.Kf2 e6 26.Bxb5 f6 27.Ke2 fxe5 28.
Rxf8+ Kxf8 29.dxe5 Ke7 30.Bc4 Ra4 31.Bxb3 Re4 0-1

[Event "XXIII C.to Italiano UISP a squadre"]
[Site "Norma ITA"]
[Date "2000.09.??"]
[Round "3"]
[White "Lucaroni, Massimiliano"]
[Black "Ferro, Mario"]
[Result "0-1"]
[WhiteElo "2290"]
[BlackElo "2228"]
[PlyCount "86"]
[EventDate "2000.09.22"]

1.e4 c5 2.Nc3 Nc6 3.Nf3 g6 4.d4 cxd4 5.Nxd4 Bg7 6.Nb3 Nf6 7.Be2 d6 8.O-O 
O-O 9.Re1 Be6 10.Bf1 Rc8 11.Nd5 Bxd5 12.exd5 Nxd5 13.Qxd5 Nb4 14.Qxb7 Nxc2
15.Bg5 Rc7 16.Qe4 Nxa1 17.Nxa1 Bxb2 18.Nb3 d5 19.Qe2 Ba3 20.Bh6 Bb4 21.Rd1
Qd6 22.Bxf8 Kxf8 23.Nd4 Rd7 24.Qb2 e5 25.Nb5 Qe7 26.Nc3 d4 27.Ne4 f5 28.
Nf6 Qxf6 29.Qxb4+ Qd6 30.Qxd6+ Rxd6 31.Bc4 Ke7 32.f3 Kf6 33.Kf2 e4 34.fxe4
fxe4 35.Ke2 Ke5 36.g3 Rb6 37.Bb3 d3+ 38.Ke3 Rf6 39.Re1 Rf3+ 40.Kd2 Kd4 41.
Kc1 Rf2 42.Kd1 Rb2 43.h4 e3 0-1